Nadstavba nad meteorologickým modelom METRo a jej aplikácia na monitorovacej stanici pre údržbu vozoviek

Saved in:
Bibliographic Details
Main Author: Goga, Rudolf, 1989- (Author)
Other Authors: Miklovičová, Eva, 1967- (Thesis advisor)
Format: Manuscript Book
Language:Slovak
Published: Bratislava : STU v Bratislave FEI, 2013
Online Access:VAIS
Tags: Add Tag
No Tags, Be the first to tag this record!

MARC

LEADER 00000ntm a22000003a 4500
001 stu270687
005 20150617230232.3
008 130710s2013----xo------------------slo-d
040 |a STU  |b slo 
041 0 |a slo 
044 |a xo 
100 1 |a Goga, Rudolf,  |d 1989-  |4 aut  |u E  |T FEI Fakulta elektrotechniky a informatiky  |X 56022  |U E  |Y 30  |7 A000056022 
242 0 0 |a Extension of meteorological METRo model and its further application on monitoring station for road maintenance  |y eng 
245 1 |a Nadstavba nad meteorologickým modelom METRo a jej aplikácia na monitorovacej stanici pre údržbu vozoviek 
260 |a Bratislava :  |b STU v Bratislave FEI,  |c 2013 
300 |a 85 s  |c príl. 
700 1 |a Miklovičová, Eva,  |d 1967-  |4 ths  |u E011  |U FEI Fakulta elektrotechniky a informatiky  |T FEI Ústav robotiky a kybernetiky  |X 4909  |U E011  |Y 356  |7 A000004909 
856 4 |a info a plný text  |u http://is.stuba.sk/zp/portal_zp.pl?podrobnosti=89331  |3 VAIS 
996 |b 284EP10709  |c E*DIPL-10709  |l EE23  |s P  |a 0  |w stu270687_0001